| 000 | 00538nam a22001457a 4500 | ||
|---|---|---|---|
| 008 | 230615b |||||||| |||| 00| 0 eng d | ||
| 040 |
_aNational Science Library _cNational Science Library |
||
| 080 |
_aI 624.159.1(082.2) _bM2.1 |
||
| 245 |
_aSeventh symposium earthquake engineering: _bDepartment of Earthquake Engineering, University of Roorkee, _c/ Indian Society of Earthquake Technology |
||
| 260 |
_aDelhi: _bSarita Prakashan, _c1982 |
||
| 300 | _axii, 616p. | ||
| 650 | _aScience | ||
| 653 | _aEarthquake | ||
| 942 |
_2udc _cSYM |
||
| 999 |
_c43831 _d43831 |
||